Monte Carlo Method in Acoustic Sounding of the Atmosphere; Mechanical Engineering, Automation and Control Systems (MEACS)
| Parent link: | Mechanical Engineering, Automation and Control Systems (MEACS).— 2015.— [4 p.] |
|---|---|
| Autor kompanije: | |
| Daljnji autori: | , , , |
| Sažetak: | Title screen The Monte Carlo method is first used to estimate the contribution of multiple scattering to signals of a monostatic sodar operating in plane-stratified turbulent atmosphere. Numerical estimates of multiple scattering contributions are presented as functions of the sodar parameters, and atmospheric conditions. Режим доступа: по договору с организацией-держателем ресурса |
| Jezik: | engleski |
| Izdano: |
2015
|
| Teme: | |
| Online pristup: | http://dx.doi.org/10.1109/MEACS.2015.7414882 |
| Format: | Elektronički Poglavlje knjige |
| KOHA link: | https://koha.lib.tpu.ru/cgi-bin/koha/opac-detail.pl?biblionumber=646665 |
MARC
| LEADER | 00000nla2a2200000 4500 | ||
|---|---|---|---|
| 001 | 646665 | ||
| 005 | 20240126114547.0 | ||
| 035 | |a (RuTPU)RU\TPU\network\11801 | ||
| 035 | |a RU\TPU\network\11800 | ||
| 090 | |a 646665 | ||
| 100 | |a 20160310a2015 k y0engy50 ba | ||
| 101 | 0 | |a eng | |
| 105 | |a a z 101zy | ||
| 135 | |a drcn ---uucaa | ||
| 181 | 0 | |a i | |
| 182 | 0 | |a b | |
| 200 | 1 | |a Monte Carlo Method in Acoustic Sounding of the Atmosphere |f Yu. B. Burkatovskaya [et al.] | |
| 203 | |a Text |c electronic | ||
| 300 | |a Title screen | ||
| 320 | |a [References: 7 tit.] | ||
| 330 | |a The Monte Carlo method is first used to estimate the contribution of multiple scattering to signals of a monostatic sodar operating in plane-stratified turbulent atmosphere. Numerical estimates of multiple scattering contributions are presented as functions of the sodar parameters, and atmospheric conditions. | ||
| 333 | |a Режим доступа: по договору с организацией-держателем ресурса | ||
| 463 | 0 | |0 (RuTPU)RU\TPU\network\11620 |t Mechanical Engineering, Automation and Control Systems (MEACS) |o proceedings of the International Conference, Tomsk, 1-4 December, 2015 |f National Research Tomsk Polytechnic University (TPU) ; Institute of Electrical and Electronics Engineers (IEEE) |v [4 p.] |d 2015 | |
| 610 | 1 | |a электронный ресурс | |
| 610 | 1 | |a труды учёных ТПУ | |
| 610 | 1 | |a метод Монте-Карло | |
| 610 | 1 | |a турбулентная атмосфера | |
| 610 | 1 | |a многократное рассеяние | |
| 610 | 1 | |a акустическое зондирование | |
| 610 | 1 | |a атмосфера | |
| 701 | 1 | |a Burkatovskaya |b Yu. B. |c mathematician |c associate Professor of Tomsk Polytechnic University, candidate of physico-mathematical Sciences |f 1973- |g Yuliya Borisovna |3 (RuTPU)RU\TPU\pers\36259 |9 19335 | |
| 701 | 1 | |a Belov |b V. V. | |
| 701 | 1 | |a Shamanaeva |b L. G. | |
| 701 | 1 | |a Zuev |b V. E. | |
| 712 | 0 | 2 | |a Национальный исследовательский Томский политехнический университет (ТПУ) |b Институт кибернетики (ИК) |b Кафедра вычислительной техники (ВТ) |3 (RuTPU)RU\TPU\col\18699 |
| 801 | 2 | |a RU |b 63413507 |c 20161226 |g RCR | |
| 856 | 4 | |u http://dx.doi.org/10.1109/MEACS.2015.7414882 | |
| 942 | |c CF | ||